000 00592nam a2200217Ia 4500
003 OSt
005 20220928140356.0
006 a|||||r|||| 00| 0
007 ta
008 220927b |||||||| |||| 00| 0 eng d
024 _a8062
037 _cTextual
040 _aSDCL
_cSDCL
_beng
041 _2eng
_aeng
082 _aX:75.3'N8, M2
100 _aCross Rod
_9494942
245 0 _aEconomic theory and policy in the UK
_b An outline and assessment of the controversies
260 _c1982
942 _hX:75.3'N8, M2
_cTEXL
_2CC
999 _c811046
_d811046